000 00687cab a2200241 4500
001 WB3109-57
008 090401t1995 xxu||||| |||| 00| 0 eng d
035 _a(Sirsi) u15768
041 _aeng
245 _aCouncil tax rises
260 _c1995
350 _a0
490 _aFinancial Times
_v3 March 1995, 9(1)
520 _aThe Instititute of Public Finance expects the council tax in band D, from which the tax is calculated, to rise 4.9% on average this year.
650 _aCIPFA
650 _aCOUNCIL TAX
650 _aINCREASES
650 _aINSTITUTE OF PUBLIC FINANCE
690 _aRATING AND VALUATION
690 _aTAXATION
942 _n0
948 _c04/03/1997
999 _c10370
_d10370